| 000 | 00000nam##2200000za#4500 |
| 001 | 9.600965 |
| 003 | CaOODSP |
| 005 | 20210624205836 |
| 007 | cr ||||||||||| |
| 008 | 150406|2002||||xxc|||||o f|0| 0 fre|d |
| 040 | |aCaOODSP|bfre |
| 043 | |an-cn--- |
| 086 | 1 |aNH15-404/2002F-PDF |
| 110 | 2 |aSociété canadienne d'hypothèques et de logement. |
| 245 | 13|aLe coût du Bâti-Flex |h[ressource électronique] |
| 260 | |aOttawa - Ontario : |bSociété canadienne d'hypothèques et de logement |cOctobre 2002. |
| 300 | |a47p.|bfigures, tableaux |
| 490 | 1 |aRapport de recherche. Série sur les technologies du bâtiment |
| 500 | |aLe nº de catalogue (NH15-404/2002F) et l'ISBN (0-662-88196-6) de l'édition imprimée ont été incorrectement copiés dans cette édition électronique. |
| 590 | |a11-27-Supp|b2011-11-15 |
| 775 | 08|tCost of FlexHousing |w(CaOODSP)9.570217 |
| 830 | #0|aRapport de recherche. Série sur les technologies du bâtiment.|w(CaOODSP)9.502704 |
| 856 | 40|ahttp://publications.gc.ca|qPDF|s433 Ko|uhttps://publications.gc.ca/collections/collection_2011/schl-cmhc/nh18-1-3/NH15-404-2002-fra.pdf |